000
00252nam a2200097Ia 4500
001
645999
005
20250826153634.0
008
250824s9999 xx 000 0 und d
245
0
_a
ATEŞLİ GÜL BAHÇESİ
_c
AHMET YILMAZ BOYUNAĞA
260
_b
GENÇ TİMAŞ
999
_c
645999
_d
645999